Páginas amargas de un libro imaginario. (Record no. 48413)
[ view plain ]
| 000 -CABECERA | |
|---|---|
| campo de control de longitud fija | 00327nam a2200121 a 4500 |
| 005 - FECHA Y HORA DE LA ÚLTIMA TRANSACCIÓN | |
| campo de control | 20201002061521.0 |
| 008 - DATOS DE LONGITUD FIJA--INFORMACIÓN GENERAL | |
| campo de control de longitud fija | 190502s2017 000 spa d |
| 020 ## - NÚMERO INTERNACIONAL ESTÁNDAR DEL LIBRO | |
| Número Internacional Estándar del Libro | 9789945865059 |
| 040 ## - FUENTE DE LA CATALOGACIÓN | |
| Centro catalogador/agencia de origen | DO-SdBNP |
| 100 ## - ENTRADA PRINCIPAL--NOMBRE DE PERSONA | |
| Nombre de persona | Medina, Aquilino |
| 9 (RLIN) | 53966 |
| 245 #0 - MENCIÓN DE TÍTULO | |
| Título | Páginas amargas de un libro imaginario. |
| 260 ## - PUBLICACIÓN, DISTRIBUCIÓN, ETC. | |
| Lugar de publicación, distribución, etc. | Santo Domingo, |
| Fecha de publicación, distribución, etc. | 2017. |
No items available.
